Spinel-layered core-shell cathode materials for li-ion batteries /

Сохранить в:
Библиографические подробности
Другие авторы: Cho, Jaephil., Cho, Yonghyun., Hong, Taeeun., Lee, Sanghan., Lee, Yongseok.
Формат: Статья
Язык:English
Предметы:
Метки: Добавить метку
Нет меток, Требуется 1-ая метка записи!
Thư viện lưu trữ: Thư viện Trường Đại học Đà Lạt
LEADER 01002nam a2200337 4500
001 DLU110130672
005 ##20111223
040 # # |a DLU  |b eng 
041 # # |a eng 
044 # # |a gw 
245 # # |a Spinel-layered core-shell cathode materials for li-ion batteries /  |c Yonghyun Cho, Sanghan Lee, Yongseok Lee, Taeeun Hong and Jaephil Cho. 
653 # # |a Cathodes 
653 # # |a Core-shell materials 
653 # # |a Layered materials 
653 # # |a Li-ion batteries 
653 # # |a Spinel 
700 # # |a Cho, Jaephil.  
700 # # |a Cho, Yonghyun. 
700 # # |a Hong, Taeeun. 
700 # # |a Lee, Sanghan. 
700 # # |a Lee, Yongseok. 
773 # # |t Advanced Energy Materials  |g Vol. 1, no. 5 (October 2011), p. 821-828 
920 # # |a Phòng Tạp chí -- Trung tâm Thông tin - Thư viện Trường Đại học Đà Lạt 
994 # # |a DLU 
900 # # |a True 
911 # # |a Trương Bảo Trâm Anh 
925 # # |a G 
926 # # |a A 
927 # # |a BB 
980 # # |a Thư viện Trường Đại học Đà Lạt